Halsbury's laws of England: cumulative supplement 2008 (Record no. 40749)

MARC details
000 -LEADER
fixed length control field 00405nam a2200169Ia 4500
020 ## - INTERNATIONAL STANDARD BOOK NUMBER
ISBN 9781405727006
050 ## - CALL MARK
Classification number KF 85 .H2/
245 #0 - TITLE STATEMENT
Title Halsbury's laws of England: cumulative supplement 2008
250 ## - EDITION / VOLUME STATEMENT
Edition / Volume statement 4th.ed.
260 ## - PUBLICATION, DISTRIBUTION, ETC. (IMPRINT)
Place of publication London
260 ## - PUBLICATION, DISTRIBUTION, ETC. (IMPRINT)
Name of publisher Butterworths
260 ## - PUBLICATION, DISTRIBUTION, ETC. (IMPRINT)
Year of publication 1996
650 ## - SUBJECT ADDED ENTRY--TOPICAL TERM
Topical Term London
942 ## - ADDED ENTRY ELEMENTS (KOHA)
Koha item type Books
Holdings
Withdrawn status Lost status Damaged status Not for loan Permanent Location Current Location Shelving location Date acquired Accession Number Price effective from Koha item type
        Law Library Law Library Items on shelf 06/03/2025 0012104 06/03/2025 Books